Biggest European Cities that end in M with a Map - Statistics

General Stats
  • This quiz has been taken 182 times
  • The average score is 11 of 24
Answers on the Map
Answers color-coded by a green-red scale on the quiz's map according to % correct below.
 
Answer Stats
Population City % Correct
1,766,106 Stockholm
99%
872,922 Amsterdam
98%
1,160,254 Birmingham
98%
652,541 Rotterdam
97%
310,658 Mannheim
71%
315,987 Nottingham
71%
207,595 Trondheim
60%
1,049,199 Perm
58%
182,112 Potsdam
58%
365,587 Bochum
47%
126,405 Ulm
46%
162,543 Haarlem
41%
162,424 Arnhem
36%
178,967 Hamm
34%
117,073 Cheltenham
27%
209,296 Radom
25%
111,481 Rotherham
25%
170,921 Mülheim
23%
101,055 Hildesheim
22%
126,016 Pforzheim
21%
108,584 Gillingham
20%
108,606 Oldham
19%
163,255 Bytom
15%
105,572 Murom
4%
No matching quizzes found
Score Distribution
Percent of People with Each Score
Percentile by Number Answered
Your Score History
You have not taken this quiz